[Event "2. Open de Primavera de Gros"]
[Site "San Sebastián ESP"]
[Date "2006.06.10"]
[Round "6.8"]
[White "Darrigues, Alain"]
[Black "Lazkano Gaite, Tomas"]
[Result "1-0"]
[WhiteElo "2026"]
[BlackElo "1739"]
[PlyCount "65"]
[EventDate "2006.05.06"]
[EventType "swiss"]
[EventRounds "9"]
[EventCountry "ESP"]
[Source "lmi"]
[SourceDate "2006.06.18"]

1. d4 d5 2. c4 e6 3. Nc3 Nf6 4. Bg5 Be7 5. cxd5 Nxd5 6. Bxe7 Qxe7 7. e4 Nxc3 8.
bxc3 e5 9. d5 O-O 10. Nf3 Nd7 11. Bd3 Nc5 12. O-O Nxd3 13. Qxd3 Bg4 14. Rab1 f5
15. Rxb7 fxe4 16. Qc4 exf3 17. Qxg4 Rf6 18. Qc4 Rd6 19. Qxc7 Qxc7 20. Rxc7 fxg2
21. Rd1 h5 22. c4 h4 23. c5 Ra6 24. Kxg2 Rxa2 25. d6 Rf8 26. Rf1 e4 27. Re7 Rc2
28. Rxe4 Rxc5 29. Rd1 Rc2 30. d7 Rfxf2+ 31. Kg1 Rg2+ 32. Kf1 Rxh2 33. d8=Q+ 1-0

[Event "2. Open de Primavera de Gros"]
[Site "San Sebastián ESP"]
[Date "2006.06.10"]
[Round "6.10"]
[White "Juez Villar, Erik"]
[Black "Sanz Perez, Eduardo"]
[Result "0-1"]
[WhiteElo "1756"]
[BlackElo "2194"]
[PlyCount "28"]
[EventDate "2006.05.06"]
[EventType "swiss"]
[EventRounds "9"]
[EventCountry "ESP"]
[Source "lmi"]
[SourceDate "2006.06.18"]

1. d4 e6 2. c4 Nf6 3. Nc3 Bb4 4. e3 b6 5. Bd3 O-O 6. Nge2 d5 7. a3 Bd6 8. O-O
dxc4 9. Bxc4 Ng4 10. h3 Qh4 11. Ng3 Nxf2 12. Qf3 Nxh3+ 13. gxh3 Qxg3+ 14. Qxg3
Bxg3 0-1

[Event "2. Open de Primavera de Gros"]
[Site "San Sebastián ESP"]
[Date "2006.06.10"]
[Round "6.11"]
[White "Jaumandreu Berruta, Ignacio"]
[Black "Galarraga Lasa, Jon Gurutz"]
[Result "1-0"]
[WhiteElo "2168"]
[BlackElo "1854"]
[PlyCount "33"]
[EventDate "2006.05.06"]
[EventType "swiss"]
[EventRounds "9"]
[EventCountry "ESP"]
[Source "lmi"]
[SourceDate "2006.06.18"]

1. e4 c5 2. Nf3 Nc6 3. d4 cxd4 4. Nxd4 Nf6 5. Nc3 d6 6. Bc4 e6 7. Be3 a6 8. Qe2
Be7 9. O-O-O b5 10. Nxc6 Qc7 11. Nxe7 bxc4 12. Nxc8 Rxc8 13. Kb1 O-O 14. Bf4
Rfd8 15. e5 d5 16. Bg5 h6 17. Bh4 1-0

[Event "2. Open de Primavera de Gros"]
[Site "San Sebastián ESP"]
[Date "2006.06.17"]
[Round "7.1"]
[White "Alonso Arburu, Juan Ignacio"]
[Black "Lakunza Plazaola, Asier"]
[Result "1-0"]
[WhiteElo "2361"]
[BlackElo "1923"]
[PlyCount "89"]
[EventDate "2006.05.06"]
[EventType "swiss"]
[EventRounds "9"]
[EventCountry "ESP"]
[Source "lmi"]
[SourceDate "2006.06.18"]

1. c4 c6 2. Nf3 d5 3. b3 Bf5 4. Bb2 Nd7 5. g3 Ngf6 6. Bg2 e6 7. O-O Bd6 8. d3
Qc7 9. Nc3 O-O 10. Rc1 dxc4 11. bxc4 e5 12. Qd2 Rad8 13. Nh4 Bg4 14. h3 Bh5 15.
Nf5 Bb4 16. a3 Bxc3 17. Bxc3 Rfe8 18. Qc2 Nc5 19. Rb1 b6 20. Rfe1 Bg6 21. Nh4
Ne6 22. Nxg6 hxg6 23. a4 a5 24. Red1 c5 25. Qb2 Nd7 26. e3 Re7 27. Qb5 Rc8 28.
Rd2 Kf8 29. Bd5 f6 30. h4 Nd8 31. Rf1 Nf7 32. Qb1 Nd6 33. Kg2 Rce8 34. Qd1 f5
35. h5 g5 36. Rh1 Nf6 37. h6 gxh6 38. Rxh6 Kg7 39. Qh1 Nf7 40. Rh2 Rh8 41. Rxh8
Nxh8 42. f4 Ng6 43. fxg5 Ng4 44. Bf3 Re8 45. Bxg4 1-0

[Event "2. Open de Primavera de Gros"]
[Site "San Sebastián ESP"]
[Date "2006.06.17"]
[Round "7.2"]
[White "Hernandez, Elvis"]
[Black "Argandoña Rivero, Iñigo"]
[Result "1/2-1/2"]
[WhiteElo "2258"]
[BlackElo "2382"]
[PlyCount "31"]
[EventDate "2006.05.06"]
[EventType "swiss"]
[EventRounds "9"]
[EventCountry "ESP"]
[Source "lmi"]
[SourceDate "2006.06.18"]

1. e4 d6 2. d4 Nf6 3. Nc3 e5 4. Nf3 Nbd7 5. Bc4 Be7 6. O-O O-O 7. Qe2 c6 8.
dxe5 Nxe5 9. Nxe5 dxe5 10. a4 a5 11. h3 Bc5 12. Be3 Qb6 13. Bxc5 Qxc5 14. Rfd1
Qb4 15. Bb3 Be6 16. Rd3 1/2-1/2

[Event "2. Open de Primavera de Gros"]
[Site "San Sebastián ESP"]
[Date "2006.06.17"]
[Round "7.3"]
[White "Zulaika Centeno, Ander"]
[Black "Manso Marquez, Felix"]
[Result "0-1"]
[WhiteElo "2009"]
[BlackElo "2098"]
[PlyCount "62"]
[EventDate "2006.05.06"]
[EventType "swiss"]
[EventRounds "9"]
[EventCountry "ESP"]
[Source "lmi"]
[SourceDate "2006.06.18"]

1. e4 c5 2. Nf3 e6 3. d4 cxd4 4. Nxd4 Nc6 5. Nc3 Qc7 6. Be3 a6 7. Qd2 b5 8.
O-O-O Bb7 9. f3 Nxd4 10. Bxd4 Ne7 11. Be5 Qc6 12. Bd6 Nc8 13. Bxf8 Rxf8 14. e5
f6 15. exf6 gxf6 16. Bd3 Nb6 17. Bxh7 O-O-O 18. Bd3 d5 19. Qf2 Kb8 20. h4 b4
21. Ne2 e5 22. Ng3 d4 23. Be4 Qa4 24. Kb1 Bd5 25. Bxd5 Rxd5 26. Ne2 Rc8 27. Nc1
Ra5 28. g4 Nd5 29. Rd3 Nc3+ 30. Rxc3 bxc3 31. b3 Qa3 0-1

[Event "2. Open de Primavera de Gros"]
[Site "San Sebastián ESP"]
[Date "2006.06.17"]
[Round "7.4"]
[White "Darrigues, Alain"]
[Black "Pinilla Santibanez, Roberto"]
[Result "0-1"]
[WhiteElo "2026"]
[BlackElo "2114"]
[PlyCount "114"]
[EventDate "2006.05.06"]
[EventType "swiss"]
[EventRounds "9"]
[EventCountry "ESP"]
[Source "lmi"]
[SourceDate "2006.06.18"]

1. d4 d5 2. c4 e6 3. Nc3 Nf6 4. Bg5 Be7 5. e3 Nbd7 6. Nf3 O-O 7. Rc1 c6 8. a3
dxc4 9. Bxc4 Nd5 10. Bxe7 Qxe7 11. O-O Nxc3 12. Rxc3 e5 13. dxe5 Nxe5 14. Nxe5
Qxe5 15. Qb3 b6 16. Rd1 Bf5 17. a4 Rac8 18. f3 Qe7 19. e4 Bg6 20. Ba6 Rc7 21.
Kf1 Re8 22. Qc2 Qf6 23. Kg1 h6 24. Rcd3 Qe7 25. Rd6 c5 26. Bb5 Rf8 27. Qc4 Kh7
28. Qd5 f6 29. Re6 Qf7 30. Qd6 Rcc8 31. h4 Qc7 32. Re7 Rfd8 33. Rd7 Rxd7 34.
Qxd7 Qb8 35. Rd6 Rc7 36. Qe6 Rf7 37. Qd5 Rf8 38. g4 Be8 39. Bxe8 Rxe8 40. h5 a6
41. Kg2 Rc8 42. Qe6 Re8 43. Qf5+ Kh8 44. Rd7 Rg8 45. f4 b5 46. axb5 Qxb5 47.
Rd2 Qb4 48. Qd5 Re8 49. Kf3 a5 50. Rc2 a4 51. Qc4 Qe1 52. Qe2 Qg1 53. Qf2 Qd1+
54. Qe2 Qd4 55. Rc4 Qg1 56. Rxa4 Qh1+ 57. Qg2 Qd1+ 0-1

[Event "2. Open de Primavera de Gros"]
[Site "San Sebastián ESP"]
[Date "2006.06.17"]
[Round "7.6"]
[White "Galarza Cenzano, Inigo"]
[Black "Jaumandreu Berruta, Ignacio"]
[Result "0-1"]
[WhiteElo "1997"]
[BlackElo "2168"]
[PlyCount "44"]
[EventDate "2006.05.06"]
[EventType "swiss"]
[EventRounds "9"]
[EventCountry "ESP"]
[Source "lmi"]
[SourceDate "2006.06.18"]

1. e4 c5 2. Nf3 d6 3. d4 cxd4 4. Nxd4 Nf6 5. Nc3 a6 6. Be3 e6 7. f3 b5 8. Qd2
Bb7 9. O-O-O Nbd7 10. Kb1 b4 11. Na4 d5 12. Bg5 dxe4 13. Bc4 Be7 14. h4 O-O 15.
Nxe6 fxe6 16. Bxe6+ Kh8 17. Bxd7 exf3 18. Qe3 Nd5 19. Rxd5 fxg2 20. Rhd1 Bxd5
21. Qd3 Qxd7 22. Nb6 Bxa2+ 0-1

[Event "2. Open de Primavera de Gros"]
[Site "San Sebastián ESP"]
[Date "2006.06.17"]
[Round "7.7"]
[White "Irure Crespo, Egoitz"]
[Black "Ladron de Guevara, Francisco Javier"]
[Result "0-1"]
[WhiteElo "1971"]
[BlackElo "2104"]
[PlyCount "130"]
[EventDate "2006.05.06"]
[EventType "swiss"]
[EventRounds "9"]
[EventCountry "ESP"]
[Source "lmi"]
[SourceDate "2006.06.18"]

1. e4 e5 2. Nf3 Nc6 3. Bb5 a6 4. Bxc6 dxc6 5. O-O Qf6 6. d3 h6 7. Be3 c5 8. Nc3
Bd6 9. Nd5 Qd8 10. Nd2 Be6 11. Nc3 Nf6 12. f3 O-O 13. Na4 Qe7 14. b3 b5 15. Nc3
c6 16. Qe1 Nh5 17. Ne2 g5 18. Ng3 Ng7 19. Qf2 a5 20. a4 Ra6 21. Nb1 c4 22. dxc4
bxc4 23. Qe2 Bc5 24. Nd2 Bxe3+ 25. Qxe3 cxb3 26. Nxb3 Rb8 27. Qc5 Qa7 28. Qxa7
Rxa7 29. Nc5 Rb4 30. Nd3 Rc4 31. Nxe5 Rc5 32. Nd3 Rxc2 33. Rfc1 Bb3 34. Rxc2
Bxc2 35. Nc5 Ne6 36. Nxe6 fxe6 37. Ne2 e5 38. Kf2 Rb7 39. Ke3 Rb4 40. Nc3 Kf7
41. g3 Ke7 42. Kd2 Bb3 43. Kc1 Kd6 44. Kd2 Kc5 45. f4 gxf4 46. gxf4 exf4 47.
Rc1 Rd4+ 48. Ke1 Kb4 49. Kf2 c5 50. Nb5 Rxe4 51. Kf3 Rc4 52. Rb1 Kxa4 53. Nd6
Rd4 54. Nb7 Kb4 55. Nxa5 Kxa5 56. Rxb3 Rb4 57. Rc3 Kb5 58. h4 h5 59. Rc2 Rd4
60. Rc1 c4 61. Rb1+ Kc5 62. Rb8 c3 63. Rc8+ Kb4 64. Rb8+ Kc4 65. Rc8+ Kd3 0-1

[Event "2. Open de Primavera de Gros"]
[Site "San Sebastián ESP"]
[Date "2006.06.17"]
[Round "7.8"]
[White "Zubia Aramburu, Mikel"]
[Black "Martin Alvarez, Inigo"]
[Result "0-1"]
[WhiteElo "1922"]
[BlackElo "2092"]
[PlyCount "56"]
[EventDate "2006.05.06"]
[EventType "swiss"]
[EventRounds "9"]
[EventCountry "ESP"]
[Source "lmi"]
[SourceDate "2006.06.18"]

1. c4 e5 2. Nc3 d6 3. g3 f5 4. Bg2 Nf6 5. d3 Be7 6. Qb3 c6 7. Nf3 O-O 8. c5+
Kh8 9. cxd6 Bxd6 10. O-O Na6 11. Ng5 Qe8 12. f4 exf4 13. Bxf4 Bxf4 14. Rxf4 Nc5
15. Qb4 Qe3+ 16. Kh1 a5 17. Qd4 Qe7 18. Rh4 Ne6 19. Nxe6 Bxe6 20. e4 g5 21. Rh6
Qg7 22. exf5 Bxf5 23. Rxf6 Qxf6 24. Qb6 Bxd3 25. Rd1 Rad8 26. Qxa5 Be4 27. Rxd8
Bxg2+ 28. Kxg2 Qf1# 0-1

[Event "2. Open de Primavera de Gros"]
[Site "San Sebastián ESP"]
[Date "2006.06.17"]
[Round "7.12"]
[White "Aizpurua Zubiria, Inaki"]
[Black "Izagirre Alsua, Aritz"]
[Result "0-1"]
[WhiteElo "1748"]
[BlackElo "1716"]
[PlyCount "76"]
[EventDate "2006.05.06"]
[EventType "swiss"]
[EventRounds "9"]
[EventCountry "ESP"]
[Source "lmi"]
[SourceDate "2006.06.18"]

1. d4 d5 2. Nf3 Nf6 3. e3 e6 4. Bd3 c5 5. b3 cxd4 6. exd4 Nc6 7. O-O Be7 8. Bb2
O-O 9. Nbd2 a6 10. Ne5 Qc7 11. f4 Nb4 12. c4 Nxd3 13. Nxd3 Bd7 14. Ne5 b6 15.
Rc1 Qb7 16. a3 Be8 17. b4 dxc4 18. Ndxc4 Nd5 19. Qg4 Bb5 20. Rfe1 Rfe8 21. Ne3
Bf8 22. Qf3 Rad8 23. Nxd5 Rxd5 24. Qc3 Bd6 25. g3 f6 26. Ng4 Bb8 27. Ne3 Rd7
28. Qb3 Kh8 29. Ng4 Rde7 30. Qc3 Qd7 31. Rcd1 e5 32. dxe5 Qxg4 33. exf6 Rf7 34.
fxg7+ Kg8 35. Qe3 Rxe3 36. Rd8+ Re8 37. Rc8 Rfe7 38. Rxb8 Rxe1+ 0-1

[Event "2. Open de Primavera de Gros"]
[Site "San Sebastián ESP"]
[Date "2006.06.17"]
[Round "7.33"]
[White "Garro Beraza, Julen"]
[Black "Arroitajauregi Lekunberri, Aitor"]
[Result "1/2-1/2"]
[WhiteElo "1617"]
[BlackElo "1554"]
[PlyCount "49"]
[EventDate "2006.05.06"]
[EventType "swiss"]
[EventRounds "9"]
[EventCountry "ESP"]
[Source "lmi"]
[SourceDate "2006.06.18"]

1. g3 d5 2. Bg2 c5 3. d3 Nf6 4. Nf3 Nc6 5. Nbd2 e5 6. O-O Bd6 7. Re1 Be6 8. e4
d4 9. Ng5 Qd7 10. a4 O-O 11. h4 Bg4 12. f3 Be6 13. Nxe6 Qxe6 14. Nc4 Nd7 15. g4
Nb6 16. Nxb6 axb6 17. Bd2 Be7 18. g5 f5 19. Bh3 g6 20. Rf1 Qf7 21. Qe2 f4 22.
Bg4 Ra7 23. b3 Rfa8 24. Ra2 b5 25. Rfa1 1/2-1/2